000 00831nmm a2200265 a 4500
001 ocm0001256838
003 TR-IsHL
005 20201028160515.0
008 150709s2010 tu tur
007 cr cn
020 _a9786055904210
035 _a1256838
_b(N$T)
050 0 4 _aPL248.Y35
_bH3 2010
090 0 4 _aPL248.Y35
_bH3 2010
100 1 _aYalçın, Murat
245 1 0 _aHafif metro günleri
_h[electronic resource] /
_cMurat Yalçın
260 _aİstanbul :
_bNotos Kitap Yayınevi,
_c2010
300 _a95 p.
650 4 _aDil ve Edebiyat
650 4 _aLanguage and Literature
650 0 _aTürk romanı
650 0 _aTurkish fiction
650 7 _aLITERARY COLLECTIONS / Middle Eastern
_2bisacsh
856 4 0 _uhttp://search.ebscohost.com/login.aspx?direct=true&scope=site&db=e011xww&AN=1256838
999 _c13640
_d13640